| 000 | 00541 a2200205 4500 | ||
|---|---|---|---|
| 005 | 20260225095047.0 | ||
| 008 | 260224b |||||||| |||| 00| 0 eng d | ||
| 020 |
_a9789387363939 _cRs. 1000.00 |
||
| 040 | _aMAIN | ||
| 082 |
_a796.076137046 _bB469Y |
||
| 100 | _aBhargava, Guneet Monga | ||
| 245 | _aYoga education | ||
| 260 |
_bSports Publication _c2026 _aNew Delhi |
||
| 300 | _a312 | ||
| 500 | _a B.P.Ed. new syllabus | ||
| 650 | _aYoga | ||
| 650 | _aHealth Education | ||
| 650 | _aPhysical Education and Sports | ||
| 942 | _cBK | ||
| 999 |
_c396221 _d396221 |
||